01656nam a2200337 a 4500001001000000003000900010005001700019007000300036008004100039020001800080040003000098082002400128100004800152245004300200264004800243300002700291336002700318337003300345338002800378500005900406586005100465590002600516650002800542650003100570942001400601952014800615952013600763952014200899952026001041999001701301000047884DO-SdBNP20250211132110.0ta181002s2018 dr r 000 p spa d a9789945503227 aDO-SdBNPbspacBNPHUerda 4aRD861.44bB333i2221 aBatlle, Natacha,d1984-eautor4aut.97545010aInerte sobre la gota /cNatacha Batlle 4aSanto Domingo :bEditora Nacional,c©2018. a75 páginas ;c21 cm. atextobtxt2rdacontent asin mediaciónbn2rdamedia avolumenbnc2rdacarrier aIncluye datos biográficos de la autor en las solapas aPremio Joven de Poesía Feria del Libro 2017. aInventariado, 2018/BT 4aPoesía dominicana966 4aLiteratura dominicana.967 2ddccLBS1 00102ddc56708DSaBNPHUbBNPHUcCTd2018-10-02l0oBNPHU DS RD861.44 B333ip47884-30r2020-06-25te. 3w2020-06-25yLBS1ZPréstamo en sala 00102ddc51708PDaBNPHUbBNPHUcCTd2018-10-02l0oBNPHU PD RD861.44 B333ip47884-10r2020-06-25w2020-06-25yLBS1ZNo se presta 00102ddc51708PDaBNPHUbBNPHUcCTd2018-10-02l0oBNPHU PD RD861.44 B333ip47884-20r2020-06-25te. 2w2020-06-25yLBS1ZNo se presta 00102ddc56708DSaBNPHUbBNPHUcCTd2025-02-11eDonado por la Presidencia de la República Dominicana 2023.l0oBNPHU DS RD861.44 B333ip2025-0936r2025-02-11te.4w2025-02-11yLBS1zPerteneció a la biblioteca personal de René Rodríguez Soriano. c47372d47372